[Event "May Lviv Tradition (IM-group)"]
[Site "Lviv"]
[Date "2016.05.20"]
[Round "7.3"]
[White "Mirzoev, Emil"]
[Black "Bogdanov, Egor"]
[Result "1/2-1/2"]
[WhiteElo "2418"]
[BlackElo "2335"]
[PlyCount "79"]
[EventDate "2018.05.16"]
[EventType "tourn"]
[EventRounds "9"]
[EventCountry "UKR"]
[EventCategory "4"]

1. c4 c5 2. Nc3 Nc6 3. d3 d6 4. Nf3 Nf6 5. Bg5 e6 6. g3 Be7 7. Bg2 O-O 8. O-O
h6 9. Bd2 e5 10. a3 Bd7 11. Rb1 a5 12. Ne1 Ne8 13. Nc2 Nc7 14. Ne3 Bg5 15. Ned5
Bxd2 16. Qxd2 Nxd5 17. Nxd5 Ra7 18. f4 Ne7 19. Nc3 Bc6 20. e4 b6 21. b4 axb4
22. axb4 Qc7 23. b5 Bd7 24. Ra1 Rfa8 25. Qb2 Qb8 26. fxe5 dxe5 27. Nd5 Nxd5 28.
exd5 Qd6 29. Rae1 Re8 30. Ra1 Rea8 31. Rfe1 Rxa1 32. Rxa1 Rxa1+ 33. Qxa1 g6 34.
Qc1 Kg7 35. Qe3 f5 36. Kf2 g5 37. Qe1 Qf6 38. Bf3 g4 39. Bg2 h5 40. Qd2 1/2-1/2

[Event "May Lviv Tradition (IM-group)"]
[Site "Lviv"]
[Date "2016.05.20"]
[Round "7.4"]
[White "Terletsky, Oleg"]
[Black "Badelka, Olga"]
[Result "1/2-1/2"]
[WhiteElo "2288"]
[BlackElo "2397"]
[PlyCount "192"]
[EventDate "2018.05.16"]
[EventType "tourn"]
[EventRounds "9"]
[EventCountry "UKR"]
[EventCategory "4"]

1. e4 c5 2. Nf3 Nc6 3. d4 cxd4 4. Nxd4 e5 5. Nb5 d6 6. N1c3 a6 7. Na3 Be7 8.
Nc4 b5 9. Ne3 Nf6 10. g3 O-O 11. Bg2 b4 12. Ncd5 Nxd5 13. Nxd5 Bg5 14. O-O Bxc1
15. Rxc1 Be6 16. f4 exf4 17. gxf4 Rc8 18. c4 bxc3 19. Rxc3 Bxd5 20. Qxd5 Qb6+
21. Kh1 Nd4 22. Rd1 Ne6 23. Qd2 Rxc3 24. bxc3 h6 25. f5 Ng5 26. Qxd6 Qf2 27.
Qd2 Qh4 28. Qe3 Qg4 29. Rf1 Rd8 30. h3 Qh5 31. e5 Rd1 32. Rxd1 Qxd1+ 33. Kh2
Qa4 34. e6 fxe6 35. fxe6 Kf8 36. Qc5+ Kg8 37. Qe5 Qb5 38. Qxb5 axb5 39. Bc6
Nxe6 40. Bxb5 Nc7 41. Bc4+ Kf8 42. Kg3 Ke7 43. Kf4 Na8 44. Ke5 Nb6 45. Bb5 g5
46. Be2 Na4 47. Kd4 Kd6 48. c4 Nc5 49. Bg4 Na4 50. Bh5 Nc5 51. Bf7 Na4 52. a3
Nc5 53. Bd5 h5 54. Ke3 Nd7 55. Kd4 Nc5 56. Kc3 Kc7 57. Bf3 h4 58. Kd4 Kd6 59.
Bg4 Nb3+ 60. Kc3 Nc5 61. Kb4 Nd3+ 62. Kb5 Nf2 63. Bf3 Kc7 64. Bg2 g4 65. hxg4
Nxg4 66. a4 Ne3 67. Bh1 Nd1 68. a5 Nc3+ 69. Kc5 h3 70. a6 Kb8 71. Kb6 Na4+ 72.
Ka5 Nc5 73. Kb5 Nd7 74. c5 Ka7 75. c6 Nb6 76. c7 h2 77. Bb7 Nc8 78. Kc5 Nb6 79.
Kd6 Nc8+ 80. Kd7 Nb6+ 81. Kd8 h1=Q 82. Bxh1 Kxa6 83. Bc6 Ka5 84. Bb7 Kb5 85.
Ke8 Kc5 86. Ke7 Kb5 87. Kd6 Nc4+ 88. Kd5 Nb6+ 89. Ke6 Kc5 90. Bf3 Nc8 91. Kd7
Nb6+ 92. Kd8 Kd6 93. Bb7 Ke6 94. Bc8+ Kd5 95. Bg4 Kc6 96. Bh3 Kd5 1/2-1/2

[Event "May Lviv Tradition (IM-group)"]
[Site "Lviv"]
[Date "2016.05.20"]
[Round "7.5"]
[White "Goluch, Piotr"]
[Black "Oglaza, Oskar"]
[Result "1/2-1/2"]
[WhiteElo "2351"]
[BlackElo "2279"]
[PlyCount "136"]
[EventDate "2018.05.16"]
[EventType "tourn"]
[EventRounds "9"]
[EventCountry "UKR"]
[EventCategory "4"]

1. Nf3 Nf6 2. c4 g6 3. g3 Bg7 4. Bg2 O-O 5. O-O d5 6. cxd5 Nxd5 7. d4 Nb6 8.
Nc3 Nc6 9. e3 Re8 10. Re1 a5 11. Qe2 Be6 12. Rd1 Nb4 13. Nd2 c6 14. a3 N4d5 15.
Nce4 Bf5 16. Nc5 e5 17. e4 exd4 18. Qf3 Qe7 19. Nd3 Be6 20. Re1 Nc7 21. e5 Bd5
22. Ne4 Ne6 23. h4 Nc4 24. Nf6+ Bxf6 25. Qxf6 Qxf6 26. exf6 Bxg2 27. Kxg2 a4
28. h5 Nc7 29. Rh1 Nd5 30. hxg6 fxg6 31. f7+ Kxf7 32. Rxh7+ Kf6 33. Rh4 Nd6 34.
Rxd4 Re4 35. Rxe4 Nxe4 36. Nf4 Ra5 37. Kf3 Ng5+ 38. Kg4 Ne4 39. Nxd5+ Rxd5 40.
Be3 Nd6 41. Rc1 Nf7 42. Kf3 Ne5+ 43. Ke4 b5 44. Rh1 Nc4 45. Bd4+ Ke6 46. Bc3
Nd6+ 47. Kf3 Nf7 48. Ke3 c5 49. Rh7 Nd6 50. g4 Nc4+ 51. Ke4 Nd2+ 52. Ke3 Nc4+
53. Ke2 b4 54. axb4 cxb4 55. Bxb4 Nxb2 56. Re7+ Kf6 57. Ra7 Kg5 58. f3 Kf4 59.
Bc3 Rc5 60. Bd2+ Kg3 61. Be1+ Kg2 62. f4 Rc4 63. Ke3 Nd1+ 64. Kd2 Nf2 65. Bxf2
Kxf2 66. Ra6 a3 67. g5 Rxf4 68. Kc2 Kg3 1/2-1/2

[Event "May Lviv Tradition (IM-group)"]
[Site "Lviv"]
[Date "2016.05.20"]
[Round "8.1"]
[White "Shkuran, Danylo"]
[Black "Oglaza, Oskar"]
[Result "0-1"]
[WhiteElo "2395"]
[BlackElo "2279"]
[PlyCount "80"]
[EventDate "2016.??.??"]

1. e4 c5 2. Nf3 d6 3. d4 cxd4 4. Nxd4 Nf6 5. Nc3 a6 6. g3 e6 7. Bg2 Be7 8. O-O
O-O 9. f4 Qc7 10. Be3 Nc6 11. Nxc6 bxc6 12. g4 d5 13. g5 Nd7 14. Qh5 Rb8 15. f5
exf5 16. exf5 Rxb2 17. f6 Qe5 18. Nd1 Nxf6 19. gxf6 Qxh5 20. fxe7 Rxc2 21.
exf8=Q+ Kxf8 22. Rf2 Bf5 23. Rxc2 Bxc2 24. Bc5+ Kg8 25. Nf2 Qe5 26. Rc1 Qc3 27.
Ba7 Qd2 28. Be3 Qxe3 29. Rxc2 Qb6 30. Rd2 f5 31. Kf1 f4 32. Nd1 g5 33. h3 Qb4
34. Re2 Qa3 35. Rf2 Kf7 36. Bf3 Kf6 37. Bg4 h5 38. Bd7 Ke7 39. Bc8 Kd6 40. Rg2
Qd3+ 0-1

[Event "May Lviv Tradition (IM-group)"]
[Site "Lviv"]
[Date "2016.05.20"]
[Round "8.2"]
[White "Badelka, Olga"]
[Black "Goluch, Piotr"]
[Result "1-0"]
[WhiteElo "2397"]
[BlackElo "2351"]
[PlyCount "97"]
[EventDate "2016.??.??"]

1. c4 Nf6 2. Nc3 g6 3. d4 Bg7 4. e4 O-O 5. Be2 c5 6. d5 d6 7. Nf3 e6 8. Be3
exd5 9. cxd5 b5 10. e5 Ng4 11. Bg5 f6 12. exf6 Bxf6 13. Bxf6 Qxf6 14. Nxb5 Nd7
15. O-O Nb6 16. h3 Nh6 17. Qd2 Nf5 18. Rae1 Bd7 19. Nc3 Rae8 20. Bd3 Nd4 21.
Nxd4 Qxd4 22. Qc2 Kg7 23. Rxe8 Rxe8 24. Bb5 Bf5 25. Qc1 Re5 26. Rd1 Qh4 27. Bf1
Bd7 28. g3 Qh5 29. f4 Re7 30. Re1 Kf8 31. Rxe7 Kxe7 32. Qe1+ Kf8 33. g4 Qh6 34.
Qg3 Qg7 35. Kf2 Qd4+ 36. Qe3 Qb4 37. Qd2 Na4 38. Ke3 Nxb2 39. Ne4 Qa3+ 40. Kf2
Qxa2 41. Be2 Qa4 42. Nf6 Ke7 43. Nxd7 Qb3 44. Ne5 dxe5 45. fxe5 c4 46. d6+ Kd7
47. Qd5 Qb6+ 48. Kf1 Nd3 49. e6+ 1-0

[Event "May Lviv Tradition (IM-group)"]
[Site "Lviv"]
[Date "2016.05.20"]
[Round "8.3"]
[White "Bogdanov, Egor"]
[Black "Terletsky, Oleg"]
[Result "1/2-1/2"]
[WhiteElo "2335"]
[BlackElo "2288"]
[PlyCount "117"]
[EventDate "2016.??.??"]

1. d4 Nf6 2. c4 g6 3. Nc3 Bg7 4. e4 d6 5. Nf3 O-O 6. Be2 e5 7. Be3 Ng4 8. Bg5
f6 9. Bh4 Nc6 10. d5 Ne7 11. h3 Nh6 12. g4 g5 13. Bg3 Ng6 14. Qd2 Nf7 15. Nd1
c5 16. Ne3 Nf4 17. Nf5 a6 18. Bxf4 exf4 19. O-O Re8 20. Bd3 Bd7 21. b4 b5 22.
Rfe1 Bf8 23. Rab1 Rb8 24. bxc5 dxc5 25. e5 fxe5 26. Qc2 Rb6 27. Re2 bxc4 28.
Bxc4 Rxb1+ 29. Qxb1 Bxf5 30. gxf5 Nd6 31. Bd3 c4 32. Bc2 Qf6 33. Nd2 h5 34. f3
c3 35. Ne4 Nxe4 36. Bxe4 Bc5+ 37. Kf1 g4 38. Rg2 g3 39. Rc2 Bd4 40. Qb7 Rd8 41.
Kg2 Rd6 42. Rc1 Rb6 43. Qc8+ Kg7 44. Rb1 Rxb1 45. Bxb1 Qd6 46. Qb7+ Kf8 47. Bc2
h4 48. f6 Qxf6 49. Qb8+ Kg7 50. d6 e4 51. Qc7+ Kh6 52. Bxe4 Be5 53. Qh7+ Kg5
54. d7 Bc7 55. Qg8+ Kh6 56. Qh7+ Kg5 57. Qg8+ Kh6 58. Qh7+ Kg5 59. Qg8+ 1/2-1/2

[Event "May Lviv Tradition (IM-group)"]
[Site "Lviv"]
[Date "2016.05.20"]
[Round "8.4"]
[White "Fiedorek, Michal"]
[Black "Mirzoev, Emil"]
[Result "1/2-1/2"]
[WhiteElo "2081"]
[BlackElo "2418"]
[PlyCount "114"]
[EventDate "2016.??.??"]

1. e4 e6 2. d4 d5 3. Nd2 Nc6 4. Ngf3 Nf6 5. e5 Ng4 6. Bd3 f6 7. Ng5 f5 8. Ndf3
Nb4 9. Be2 c5 10. c3 Nc6 11. O-O Be7 12. Nh3 cxd4 13. cxd4 O-O 14. Ne1 Qb6 15.
Nc2 Bd7 16. Bxg4 fxg4 17. Qxg4 Rac8 18. Qd1 Qc7 19. Ne3 Qb6 20. Nc2 Qc7 21. Ne3
Nb4 22. a3 Nc2 23. Nxc2 Qxc2 24. Qxc2 Rxc2 25. Rb1 Bb5 26. Rd1 Rfc8 27. Be3 Bd8
28. Ng5 Bd7 29. Nf3 Kf7 30. Rdc1 Bb6 31. Rxc2 Rxc2 32. Ne1 Re2 33. Nd3 Bb5 34.
Nf4 Rc2 35. b3 g5 36. Nh5 h6 37. Nf6 Rc3 38. h4 gxh4 39. a4 Bc6 40. Kf1 Rc2 41.
Ng4 h5 42. Nh2 Bd8 43. Nf3 b5 44. axb5 Bxb5+ 45. Kg1 Be2 46. Rc1 Rxc1+ 47. Bxc1
Bxf3 48. gxf3 Kg6 49. Kg2 Kf5 50. Ba3 Bg5 51. Bc5 a6 52. Bb4 Bc1 53. Bc5 Kf4
54. Kh3 Kxf3 55. Kxh4 Ke4 56. Kxh5 Bb2 57. Kg6 Bxd4 $11 1/2-1/2

[Event "May Lviv Tradition (IM-group)"]
[Site "Lviv"]
[Date "2016.05.20"]
[Round "8.5"]
[White "Peng, Li Min"]
[Black "Galperin, Platon"]
[Result "1-0"]
[WhiteElo "2320"]
[BlackElo "2332"]
[PlyCount "85"]
[EventDate "2016.??.??"]

1. e4 c5 2. Nc3 Nc6 3. Bb5 Nd4 4. Bc4 a6 5. a4 g6 6. Nf3 Bg7 7. Nxd4 cxd4 8.
Qf3 e6 9. Ne2 Ne7 10. O-O O-O 11. d3 f5 12. Qg3 h6 13. Bf4 g5 14. Bc7 Qe8 15.
f4 Qh5 16. Rae1 fxe4 17. dxe4 d5 18. Bd3 Bd7 19. e5 Bxa4 20. Bd6 Nf5 21. Bxf5
Rxf5 22. Nxd4 gxf4 23. Qa3 Be8 24. Nxf5 Qxf5 25. Qc5 h5 26. c3 Bb5 27. Rf2 Kh8
28. Be7 Kh7 29. Bf6 Bh6 30. Qe7+ Kg6 31. Qxb7 Rg8 32. b3 Bd3 33. Qc6 h4 34.
Bxh4 Kh5 35. Be7 Be4 36. h4 f3 37. Bg5 Bxg5 38. hxg5 Rxg5 39. Qe8+ Kg4 40. Qh8
Qg6 41. Qh3+ Kf4 42. Rxf3+ Kxe5 43. Qh2+ 1-0

[Event "May Lviv Tradition (IM-group)"]
[Site "Lviv"]
[Date "2016.05.21"]
[Round "9.1"]
[White "Galperin, Platon"]
[Black "Shkuran, Danylo"]
[Result "1/2-1/2"]
[WhiteElo "2332"]
[BlackElo "2395"]
[PlyCount "51"]
[EventDate "2016.??.??"]

1. d4 d5 2. c4 c6 3. cxd5 cxd5 4. Nc3 e5 5. e3 e4 6. Nge2 Nf6 7. Nf4 Nc6 8. Be2
Bb4 9. Bd2 O-O 10. O-O Be6 11. Qb3 Bxc3 12. Bxc3 Qd7 13. Rac1 Rac8 14. a4 g5
15. Nxe6 fxe6 16. Bb5 a6 17. Bxc6 Rxc6 18. Bb4 Rxc1 19. Rxc1 Rc8 20. Rc3 Rc6
21. Qc2 Ne8 22. Qb3 Nf6 23. Qc2 Ne8 24. Qb3 Nf6 25. Qc2 Ne8 26. Qb3 $11 1/2-1/2

[Event "May Lviv Tradition (IM-group)"]
[Site "Lviv"]
[Date "2016.05.21"]
[Round "9.2"]
[White "Mirzoev, Emil"]
[Black "Peng, Li Min"]
[Result "1/2-1/2"]
[WhiteElo "2418"]
[BlackElo "2320"]
[PlyCount "51"]
[EventDate "2016.??.??"]

1. e4 c5 2. Nf3 Nc6 3. c3 e6 4. d4 d5 5. exd5 exd5 6. Bd3 Nf6 7. O-O Be7 8. Re1
cxd4 9. cxd4 O-O 10. Nc3 Bg4 11. h3 Bh5 12. Be3 Re8 13. Rc1 Rc8 14. g4 Bg6 15.
Bxg6 hxg6 16. Ne5 Bf8 17. Bg5 Qd6 18. Nxc6 bxc6 19. Qf3 Nd7 20. a3 Qb8 21. Re2
Bd6 22. Na4 Qb5 23. Nc3 Qb8 24. Na4 Qb5 25. Nc3 Qb8 26. Na4 $11 1/2-1/2

[Event "May Lviv Tradition (IM-group)"]
[Site "Lviv"]
[Date "2016.05.21"]
[Round "9.3"]
[White "Terletsky, Oleg"]
[Black "Fiedorek, Michal"]
[Result "1-0"]
[WhiteElo "2288"]
[BlackElo "2081"]
[PlyCount "95"]
[EventDate "2016.??.??"]

1. e4 c5 2. Nf3 d6 3. Nc3 Nc6 4. g3 g6 5. Bg2 Bg7 6. O-O e6 7. d3 Nge7 8. Be3
Nd4 9. Qd2 O-O 10. Bh6 Nec6 11. Bxg7 Kxg7 12. Nxd4 Nxd4 13. f4 Rb8 14. Nd1 b5
15. Ne3 b4 16. c3 bxc3 17. bxc3 Nc6 18. f5 Qg5 19. Rf4 h5 20. Raf1 Ba6 21. h4
Qh6 22. f6+ Kh7 23. g4 Rg8 24. g5 Qf8 25. Rc1 Qd8 26. Bf1 Qb6 27. Be2 Rh8 28.
Rff1 Kg8 29. Rb1 Qxb1 30. Rxb1 Rxb1+ 31. Kg2 Kh7 32. e5 Nxe5 33. d4 cxd4 34.
cxd4 Bxe2 35. dxe5 Rhb8 36. exd6 R8b2 37. Nc2 Bc4 38. d7 Bd5+ 39. Kg3 Rb8 40.
Qa5 R1b6 41. Qc5 Rc6 42. Qe7 Rc3+ 43. Kf4 e5+ 44. Kxe5 Rxc2 45. d8=Q Re2+ 46.
Kd4 Rd2+ 47. Kc3 Rbb2 48. Qh8+ 1-0

[Event "May Lviv Tradition (IM-group)"]
[Site "Lviv"]
[Date "2016.05.21"]
[Round "9.4"]
[White "Goluch, Piotr"]
[Black "Bogdanov, Egor"]
[Result "1-0"]
[WhiteElo "2351"]
[BlackElo "2335"]
[PlyCount "167"]
[EventDate "2016.??.??"]

1. e4 c5 2. Be2 g6 3. f4 Bg7 4. Nf3 e6 5. O-O Ne7 6. c3 O-O 7. d3 d5 8. Be3 b6
9. Nbd2 Bb7 10. Kh1 Nbc6 11. Bf2 Qd6 12. Bg3 f5 13. e5 Qd7 14. d4 c4 15. Bh4 b5
16. Rg1 h5 17. Ng5 Bh6 18. Nf1 Nd8 19. Ne3 Nf7 20. Nh3 Bg7 21. Qe1 Nh6 22. Ng5
Nf7 23. h3 Nxg5 24. Bxg5 Kf7 25. Qh4 Rh8 26. b3 Ng8 27. bxc4 bxc4 28. Rgb1 Bc6
29. Kg1 Bh6 30. Rb4 Bxg5 31. Qxg5 Qe7 32. Qg3 h4 33. Qf2 Qc7 34. Rab1 Ne7 35.
Bd1 Rab8 36. Nf1 a5 37. R4b2 Rxb2 38. Qxb2 Bd7 39. Nd2 Nc6 40. Nf3 Rb8 41. Qc1
Qd8 42. Ng5+ Ke8 43. Ba4 Rxb1 44. Qxb1 Qb8 45. Qc1 Qb6 46. Bxc6 Qxc6 47. Kh2
Qa4 48. Qb2 Ke7 49. Qb8 Qxa2 50. Nh7 Ba4 51. Qd6+ Ke8 52. Qxe6+ Kd8 53. Qxd5+
Kc8 54. Qa8+ Kc7 55. Qxa5+ Kb8 56. Qb4+ Ka7 57. Qe7+ Ka8 58. Qxh4 Bc6 59. Qg3
Qd2 60. Nf6 Ka7 61. d5 Bxd5 62. Nxd5 Qxd5 63. Qe3+ Ka6 64. e6 Qd3 65. Qxd3 cxd3
66. e7 d2 67. e8=Q d1=Q 68. Qxg6+ Ka7 69. Qxf5 Qc1 70. Qe5 Kb7 71. Qd4 Qf1 72.
c4 Ka6 73. c5 Kb5 74. Qd6 Qc1 75. f5 Qa1 76. f6 Qf1 77. c6 Kb6 78. c7+ Kb7 79.
Qe5 Kc8 80. h4 Qc4 81. g3 Qc2+ 82. Kh3 Qc4 83. Qf5+ Kxc7 84. Qf4+ 1-0

[Event "May Lviv Tradition (IM-group)"]
[Site "Lviv"]
[Date "2016.05.21"]
[Round "9.5"]
[White "Oglaza, Oskar"]
[Black "Badelka, Olga"]
[Result "1/2-1/2"]
[WhiteElo "2279"]
[BlackElo "2397"]
[PlyCount "121"]
[EventDate "2016.??.??"]

1. d4 Nf6 2. c4 e6 3. Nf3 b6 4. e3 Bb7 5. Be2 d5 6. O-O Bd6 7. Nc3 a6 8. b3 O-O
9. Qc2 Nbd7 10. Bb2 Qe7 11. cxd5 exd5 12. Nh4 g6 13. g3 Ne4 14. f3 Nxc3 15.
Qxc3 Rae8 16. Ng2 f5 17. Kf2 Nf6 18. Qd3 Bc8 19. Ke1 Bd7 20. Qc2 a5 21. a4 Rc8
22. Ba6 Rb8 23. Kd2 b5 24. Bxb5 Bxb5 25. axb5 Rxb5 26. Bc3 c5 27. Rxa5 Rxa5 28.
Bxa5 cxd4 29. exd4 Ra8 30. Bc3 Bb4 31. Re1 Bxc3+ 32. Qxc3 Ra2+ 33. Kd1 Qa3 34.
Re2 Ra1+ 35. Kd2 Rb1 36. Qc5 Rb2+ 37. Ke1 Rxb3 38. Qxa3 Rxa3 39. Kf2 Rd3 40.
Nf4 Rxd4 41. Rb2 Ra4 42. Rb8+ Kf7 43. Rb7+ Ke8 44. Rb8+ Kd7 45. Rb6 Ra2+ 46.
Kg1 Ke7 47. Rb7+ Nd7 48. Nxd5+ Kd6 49. Nc3 Rd2 50. f4 Kc6 51. Rb1 Nc5 52. Rd1
Rb2 53. Rc1 Kd6 54. Nd1 Rb4 55. Nf2 Ne4 56. Nxe4+ fxe4 57. Kf2 Rb3 58. Ra1 Ke6
59. Ra5 Rb2+ 60. Ke3 Rxh2 61. Kxe4 1/2-1/2